Normal view
MARC view
- Eurpean History
Entry Topical Term
001 - CONTROL NUMBER
- control field: 108403
003 - CONTROL NUMBER IDENTIFIER
- control field: NUST
005 - DATE AND TIME OF LATEST TRANSACTION
- control field: 20230201133037.0
008 - FIXED-LENGTH DATA ELEMENTS
- fixed length control field: 230201|| aca||aabn | a|a d
040 ## - CATALOGING SOURCE
- Original cataloging agency: NUST
- Transcribing agency: NUST
150 ## - HEADING--TOPICAL TERM
- Topical term or geographic name entry element: Eurpean History
670 ## - SOURCE DATA FOUND
- Source citation: Work cat.: (NUST)178793: Southgate .W,george 108401, A textbook of modern European history, 1643-1848 /
